| LEADER |
00716nam0a2200193 450 |
| 001 |
16834329 |
| 010 |
|
|
|a 978-2-35289-451-3
|b rel.
|d 14
|
| 100 |
|
|
|a 20191227d2026 u u0frey01 ba
|
| 101 |
0 |
|
|a fre
|
| 102 |
|
|
|a FR
|
| 200 |
0 |
|
|a Engloutis !
|f Emilie Vast
|
| 207 |
|
1 |
|a
|
| 210 |
|
|
|a [Nantes]
|c Editions MeMo
|d impr. 2019
|
| 215 |
|
|
|a 1 vol. (non paginé [48] p.)
|c ill. en coul.
|d 24 cm
|
| 330 |
|
|
|a Quelque chose approche. Insouciants, les animaux grattent, s'agitent, cherchent de la nourriture. Ils ne s'aperçoivent de rien...
|
| 700 |
|
0 |
|a Vast
|b Emilie
|f 1978-....
|4 70
|
| 900 |
|
|
|a Album
|
| 901 |
|
|
|a Accessible au prêt
|
| 995 |
|
|
|a Bibliothèque
|c Bibliothèque
|f 024020461
|h 024020461
|k A VAS
|o p
|q j
|r az
|e Bibliothèque
|